04079njm a2200565Ia 450000100060000000300090000600500170001500800410003204000130007304000130008604100130009910000110011210000180012310000380014124500330017925000110021226000110022326000550023430000100028930000300029950001290032950506710045851100320112965000550116170000760121670000990129270000820139170000780147370001020155170000700165370000920172370000910181570000820190670001080198870001000209670000760219670000950227270000880236770000840245570000950253970000870263470001070272170001020282870000830293070001130301370000940312670000980322070000910331870001040340983635IT-RoPAU20220918181158.0131025s9999 xx 000 0 und d aIT-RoPAU cIT-RoPAU aITALIANO aAA.VV. eAutore musica gCodice autore musica SPICS: 12000 aTrentaduesimo Zecchino d'Oro a1a ed. aITALIA bFONITc1989 [1a Ed.:1989 - Ed. Lingua Orig.: 1989] aDISCO c42 minuti (Testo: 0 pag.) aQuindicesima rassegna internazionale di canzoni per bambini patrocinata dall'Unicef fondo delle Nazioni Unite per l'infanzia aIl triangolo Paiù [(Cioli Francesco) (3:00)] - Come sta il bebè? [(Idò Edwige) (4:00)] - Il naufrago [(Pirani Michele) (4:00)] - Mettiamoci a ballare [(Olczedajewska Karolina) (3:00)] - Corri Topolino [(Torselli Nikolas) (3:00)] - Amsterdam [(Tulpen Uit Amsterdam - Olanda) (Durlacher Sidney) (4:00)] - Ho visto un re [(Neglia Miriam) (3:00)] - L'allegria [(Cintecel de voie buna - Romania) (Constantinescu Roxana) (4:00)] - Ho paura, papà! [(Pinna Barbara) (4:00)] - Il bambino che vale un Perù [(Festejo de Navidad - Perù) (Castro Bardalez Karen) (4:00)] - Canzone della gioia [(Maggioni Martina) (4:00)] - Io darei non so che [(Bolot Laetitia) (4:00)] aPiccolo Coro dell'Antoniano aCANTI BAMBINI [DISCHI]eCodice MATERIA SPICS: 9950 aPiccolo Coro dell'AntonianogCodice interprete SPICS: 14061eInterprete aTesta AlbertogCodice autore testo/musica SPICS: 785eAutore testo/musicapIl triangolo Paiù aAnonimogCodice autore musica SPICS: 2620eAutore musicapCome sta il bebè? aMartelli AugustogCodice autore SPICS: 11006eAutorepCome sta il bebè? aRossi FernandogCodice autore testo/musica SPICS: 29485eAutore testo/musicapCome sta il bebè? aBertocchi AndreagCodice autore SPICS: 15987eAutorepIl naufrago aBussoli GinogCodice autore testo/musica SPICS: 28571eAutore testo/musicapIl naufrago aPallasz EdwardgCodice autore musica SPICS: 29486eAutore musicapMettiamoci a ballare aSygietynski TadeuszgCodice autore SPICS: 29487eAutorepMettiamoci a ballare aBuonassisi VincenzogCodice autore testo/musica SPICS: 26075eAutore testo/musicapMettiamoci a ballare aRinaldi FrancescogCodice autore testo/musica SPICS: 26049eAutore testo/musicapCorri Topolino aArnie RalfgCodice autore musica SPICS: 27564eAutore musicapAmsterdam aParazzini ErmannogCodice autore testo/musica SPICS: 23291eAutore testo/musicapAmsterdam aMuzakgCodice autore testo/musica SPICS: 29494eAutore testo/musicapHo visto un re aPascanu AlexandrugCodice autore musica SPICS: 29496eAutore musicapL'allegria aTuminelli SandrogCodice autore testo/musica SPICS: 25258eAutore testo/musicapL'allegria aAprile NicolagCodice autore musica SPICS: 29498eAutore musicapHo paura, papà! aSessa Vitali VittoriogCodice autore testo/musica SPICS: 26086eAutore testo/musicapHo paura, papà! aBittrich HerbertgCodice autore musica SPICS: 29500eAutore musicapIl bambino che vale un Perù aDenti PaologCodice autore SPICS: 29501eAutorepIl bambino che vale un Perù aBeretta LucianogCodice autore testo/musica SPICS: 13864eAutore testo/musicapIl bambino che vale un Perù aCastellari CorradogCodice autore musica SPICS: 29503eAutore musicapCanzone della gioia aSoldi MaragCodice autore testo/musica SPICS: 26085eAutore testo/musicapCanzone della gioia aBellanger EgidegCodice autore musica SPICS: 29505eAutore musicapIo darei non so che aCalabrese GiorgiogCodice autore testo/musica SPICS: 1368eAutore testo/musicapIo darei non so che